000 01138nam a22003257a 4500
001 BR7000484
003 BR-BrBNA
005 20230928083607.0
007 ta
008 230509b bl.||||| |||| 00| 0 por d
040 _aBR-BrBNA
_bpor
_cBiblioteca Nacional de Agricultura
041 _a(Por)
072 _aE30; E50; D10
_b/G514
090 _ E30 BR7000484
110 1 _aServico Federal de Habitacao e Urbanismo, Rio de Janeiro, GB (Brasil)
_99342
245 1 _aRelatorio preliminar de desenvolvimento integrado. Municipio de Paranaiba, Mato Grosso [Urbanizacao; Desenvolvimento social; Solo; Desenvolvimento economico; Brasil]
260 3 _aRio de Janeiro, GB (Brasil):
_c1970.
300 _a300 p.
500 _a20 tables; 8 Maps, in portfolio, scale 1:180,000; 10 Maps, in portfolio, scale 1:10,000
650 _aPolitica de desenvolvimento
650 _aSociologia rural
650 _aAdministracao publica
650 _aSolo
650 _aDesenvolvimento economico
650 _aDesenvolvimento social
650 _aUrbanizacao
650 _aMato Grosso
909 _a202309
_bLucia
_c55
_dLucia Elande
942 _cBK
999 _c14365
_d14365